000 00352nam a22001457a 4500
008 210519b ||||| |||| 00| 0 eng d
020 _a00
041 _aeng
080 _a781
082 _a781
100 _a45
101 _aMUZ
245 _aMaking Music with the Young Child with Special Needs A Guide for Parents
_cStreeter,E
942 _2udc
_cBK
999 _c57463
_d57463